000 00336nam a2200145 i 4500
001 bg
100 1 _aDODD, K. W.
245 0 _aLogical design for computers and COntrol /
_cK.W. Dodd.
260 _aLondon,
_c1972.
040 _cBPK
041 _apol
080 _a681.322
942 _cKS
008 s pl f |000 0 pol
999 _c15464
_d15464
856 _uhttp://koha.tu.koszalin.pl/cgi-bin/koha/opac-detail.pl?biblionumber=15464
_yKatalog online BPK